000 01079nam0a22003491 4500
001 v19\rc\1616308
005 20250618225240.0
035 _a(NLR Aleph) 004734782
090 _a4465469
_c4465469
100 _a20061002d1898 |||y0rusy50 ca
101 1 _arus
_cger
102 _aRU
105 _ay z |||||
200 1 _aГипнотизм и внушение
_fВ. Вундт
_gПер. с нем. Н. Колубовской
205 _a2-е изд.
210 _aСанкт-Петербург
_cИздатель
_d1898
215 _a[4], 139 с.
_d19
532 1 3 _aГипнотизм и внушение
700 1 _aВундт
_bВ.М.
_f1832-1920
_gВильгельм Макс
702 1 _aКолубовская
_bН.
_4730
801 0 _aRU
_bNLR
_gpsbo
801 0 _aRU
_bRuMoRGB
_2psbo
801 1 _aRU
_bProSoft-M
_2rusmarc
852 _aNLR
_j20.90.4.40
852 _aNLR
_bМф
_jК1/17537
899 _aRuMoRGB
_jA 294/127
899 _aRuMoRGB
_jРб 45/471
899 _aRuMoRGB
_jРб 45/393
899 _aБАН
942 _cBOOK
980 _aNB